| 000 | 00478 a2200181 4500 | ||
|---|---|---|---|
| 005 | 20260416095145.0 | ||
| 008 | 260416b |||||||| |||| 00| 0 eng d | ||
| 020 | _a9781509565504 | ||
| 040 | _cSDCL | ||
| 041 |
_2eng _aeng |
||
| 084 | _aW6 R5 | ||
| 100 |
_aPiketty, Thomas _9981366 |
||
| 245 |
_aEquality : _bWhat It Means and Why It Matters |
||
| 260 |
_aCambridge : _bPolity Press, _c2025. |
||
| 300 | _avi, 119p. | ||
| 700 | _aSandel, Michael J. | ||
| 942 |
_cTEXL _2CC |
||
| 999 |
_c1848150 _d1848150 |
||